000 01390nam1a22002891i 4500
001 v19\rc\2062311
005 20260406164316.0
035 _a(NLR Aleph) 005147484
090 _a4867007
_c4867007
100 _a20081111d1910 |||y0rusy50 ca
101 1 _arus
_clat
102 _aRU
105 _a z |||||
200 1 _aЭнеида
_eПеснь II
_eС введ., примеч., 13 рис. и геогр. картой
_fОбъяснил Д. Нагуевский, проф. Имп. Казан. ун-та
_gП. Вергилий Марон
205 _a8-е изд. Ч. 1-2
210 _aСанкт-Петербург
_c[С.А. Манштейн]
_d1910
215 _a2 т. в одном переплете
_d21
225 1 _aИллюстрированное собрание греческих римских классиков с объяснительными примечаниями
_fПод ред. Льва Георгиевского и Сергея Манштейна
532 1 3 _aЭнеида
700 1 _8rus
_7ca
_aВергилий Марон
_bП.
_gПублий
_f70-19 до н.э.
_3RU\NLR\AUTH\7710632
_9120399
702 1 _aНагуевский
_bД.И.
_4570
790 1 _6z01700
_aМарон
_bП.В.
_f70-19 до н. э.
_gПублий Вергилий
801 0 _aRU
_bNLR
_gpsbo
801 1 _aRU
_bProSoft-M
_2rusmarc
852 _aNLR
_j37.31.9.2
942 _cBOOK